000 00980nam a22003017a 4500
001 000592
003 DO-SdBNP
005 20180131111749.0
007 000592
008 161025b 1997 sp a ||||| |||| 00| 0 spa d
020 _a8421611216
040 _aBPMSU
_bspa
_cBPMSU
100 1 _aFutrelle, Jacques,
_d1875-1912.
245 1 0 _aLa máquina pensante /
_cJacques Futrelle ; ilustración, Javier Zabala ; comentario del texto, Juan Santisteban ; traducción-adaptación Juan Santisteban.
250 _a9ª ed.
260 _aMadrid :
_bBruño,
_c1997.
300 _a185 p. :
_bil. ;
_c20 cm.
490 1 _aAltamar
_v25
500 _aIncluye datos biográficos del autor.
650 _aNovela policíaca.
650 _aLiteratura juvenil.
700 1 2 _aSantisteban, Juan,
_4tr.
700 1 2 _a Zabala, Javier,
_eil.
830 0 _aAltamar ;
_v25
942 _2ddc
_cBK
945 _aInventariado, 2018 /LP
956 _2LOPEREZ
_310
_620161025
_8BPMSU
_a00041
999 _c11667
_d11667